00682nam a22002177a 450000500170000001000130001702000220003003500130005203700160006504000120008108200130009324501230010626000430022927000620027230000250033450000210035965000360038065000100041670000200042670000180044620170124110107.0 aA-936415 c00.00a818603045X aA-936415 bCen Lib/Ret aDPLbEN a921bUNI aUniqueness of Zakir Husain and his contributions :cedited by S. P. Ruhela [and] Ikram Ahmadbbirth centenary volume / aNew Delhi bRegency Publicationsc1997 bNew Delhi a20/39-G, Old Market, West Patel Nagare110008 axvi,192p. c21cm(Hb) aIncludes index  aMuḥammad, -- Prophet, -- -632 aIslam a Ruhela, S. P.  aAhmad, Ikram